[Event "FRA-ch op-A"]
[Site "Albi"]
[Date "2022.08.15"]
[Round "3"]
[White "Devallee, Jeremie"]
[Black "Schneider, Mano"]
[Result "1-0"]
[WhiteElo "2186"]
[BlackElo "2103"]
[PlyCount "81"]
[EventDate "2022.08.13"]
[EventType "swiss"]
[EventRounds "9"]
[EventCountry "FRA"]
[SourceTitle "CBM 210 Extra"]
[Source "ChessBase"]
[SourceDate "2022.11.30"]
[SourceVersion "1"]
[SourceVersionDate "2022.11.30"]
[SourceQuality "1"]

1. e4 e5 2. Nf3 Nc6 3. d4 exd4 4. Bc4 Nf6 5. e5 d5 6. Bb5 Ne4 7. Nxd4 Bd7 8. Bxc6 bxc6 9. 0-0 Bc5 10. f3 Ng5 11. Be3 Bb6 12. f4 Ne4 13. Nd2 Nxd2 14. Qxd2 c5 15. Nf3 d4 16. Bf2 Bc6 17. Bh4 Qd7 18. c4 dxc3 19. Qxc3 0-0 20. Bf2 Bb5 21. Rfe1 Qg4 22. a4 Bc6 23. a5 Qxf4 24. axb6 axb6 25. Bg3 Qg4 26. e6 Rxa1 27. exf7+ Rxf7 28. Rxa1 Bxf3 29. gxf3 Rxf3 30. Ra8+ Kf7 31. Qe5 Rf5 32. Qxc7+ Kg6 33. Qd6+ Kh5 34. Ra1 Qe4 35. Re1 Qc4 36. Qd2 Kg6 37. Qe2 Qd4+ 38. Kh1 Qd5+ 39. Qg2 Qb3 40. Be5+ Rg5 41. Qe4+ 1-0